The religious education of adolescents. (Record no. 12496)

000 -LEADER
fixed length control field 00558nam a2200181 a 4500
001 - CONTROL NUMBER
control field :::00010298$&:&@@
003 - CONTROL NUMBER IDENTIFIER
control field OkBaRHE
005 - DATE AND TIME OF LATEST TRANSACTION
control field 20000607103357.0
008 - FIXED-LENGTH DATA ELEMENTS--GENERAL INFORMATION
fixed length control field s1918 j 000 0 eng u
040 ## - CATALOGING SOURCE
Transcribing agency
100 1# - MAIN ENTRY--PERSONAL NAME
Personal name Richardson, Norman E.
245 14 - TITLE STATEMENT
Title The religious education of adolescents.
260 ## - PUBLICATION, DISTRIBUTION, ETC. (IMPRINT)
Place of publication, distribution, etc New York, NY., :
Name of publisher, distributor, etc The Abingdon Press
Date of publication, distribution, etc c1918
300 ## - PHYSICAL DESCRIPTION
Extent 191 p. ;
Dimensions 17 cm.
650 ## - SUBJECT ADDED ENTRY--TOPICAL TERM
Topical term or geographic name as entry element Church Work with Youth
942 ## - ADDED ENTRY ELEMENTS (KOHA)
Source of classification or shelving scheme
Koha item type Books
Copies
Not for loan Barcode Withdrawn status Date last seen Source of classification or shelving scheme Date acquired Permanent Location Damaged status Full call number Shelving location Price effective from Koha item type Copy number Lost status
 10298 2010-04-14 2010-04-14RHEMA Bible Training College BV 4447 .R5General Stacks2010-04-14Books1